Países con 'G' - Estadísticas

Estadísticas generales
  • Esta prueba ha sido intentada 34 veces
  • La puntuación promedio es 8 de 12
Estadísticas de respuestas
País % Correcto
Guinea
90%
Guatemala
86%
Guinea Bissau
86%
Guinea Ecuatorial
81%
Gambia
76%
Grecia
76%
Granada
67%
Gabón
62%
Georgia
62%
Ghana
52%
Guyana
43%
Gales
5%
No se encontraron pruebas coincidentes
Distribución de puntuación
Porcentaje de gente con cada puntuación
Porcentaje por número respondido
Historial de tus puntuaciones
No has intentado esta prueba.